000 00552cam a22001697a 4500
008 180718b2012 xxu||||| |||| 00| 0 eng d
020 _a9789380502908
082 _aD N984s
100 _aNye, Joseph S.
245 _aSoft power:the means to success in world politics
_cby Joseph S. Nye
260 _aNew Delhi
_bKW
_c2012
300 _a191p.
650 _aUnited States --Foreign relations --2001-
650 _aUnited States --Foreign relations --Philosophy
650 _aWorld politics --1989-
650 _aPower (Social sciences) --United States
999 _c443629
_d443629